Detalles MARC
| 000 -Cabecera |
| Campo de control de longitud fija |
01786ata a2200733 4500 |
| 005 - Fecha y hora de la última transacción |
| Campo de control |
20240515173827.0 |
| 008 - Elementos de longitud fija--Información general |
| Campo de control de longitud fija |
150515b2007 xxu||||| |||| 00| 0 spa d |
| 020 ## - International Standard Book Number |
| Número Internacional Estándar del Libro (ISBN) |
8482592815 |
| 041 ## - Idioma |
| Código de idioma |
Español |
| 082 ## - Clasificación Decimal Dewey |
| Número de clasificación |
500 C569c |
| 245 ## - Título propiamente dicho |
| Título |
Ciencias naturales |
| 260 ## - Pie de imprenta |
| Lugar de publicación, distribución, etc. |
España |
| 260 ## - Pie de imprenta |
| Nombre del editor, distribuidor, etc. |
Alfanautica |
| 260 ## - Pie de imprenta |
| Fecha de publicación, distribución, etc. |
2007 |
| 300 ## - Descripción física |
| Extensión |
309 páginas |
| 650 ## - Materia general |
| Temática (materia general) |
CIENCIAS NATURALES |
| 650 ## - Materia general |
| Temática (materia general) |
BIOLOGÍA |
| 650 ## - Materia general |
| Temática (materia general) |
BIOQUÍMICA |
| 650 ## - Materia general |
| Temática (materia general) |
CÉLULA |
| 650 ## - Materia general |
| Temática (materia general) |
TEJIDOS |
| 650 ## - Materia general |
| Temática (materia general) |
MICROBIOLOGÍA |
| 650 ## - Materia general |
| Temática (materia general) |
FOTOSÍNTESIS |
| 650 ## - Materia general |
| Temática (materia general) |
GENÉTICA MENDELIANA |
| 650 ## - Materia general |
| Temática (materia general) |
GENÉTICA MOLECULAR |
| 650 ## - Materia general |
| Temática (materia general) |
BOTÁNICA |
| 650 ## - Materia general |
| Temática (materia general) |
TEJIDOS VEGETALES |
| 650 ## - Materia general |
| Temática (materia general) |
CÉLULA VEGETAL |
| 650 ## - Materia general |
| Temática (materia general) |
NIVELES MORFOLÓGICOS |
| 650 ## - Materia general |
| Temática (materia general) |
ÓRGANOS DE LOS VEGETALES SUPERIORES |
| 650 ## - Materia general |
| Temática (materia general) |
FISIOLOGÍA DE LA PLANTA |
| 650 ## - Materia general |
| Temática (materia general) |
ALGAS |
| 650 ## - Materia general |
| Temática (materia general) |
ANGIOSPERMAS |
| 650 ## - Materia general |
| Temática (materia general) |
CEREALES |
| 650 ## - Materia general |
| Temática (materia general) |
CONIFERAS |
| 650 ## - Materia general |
| Temática (materia general) |
HELECHOS |
| 650 ## - Materia general |
| Temática (materia general) |
HONGOS |
| 650 ## - Materia general |
| Temática (materia general) |
HORTALIZAS |
| 650 ## - Materia general |
| Temática (materia general) |
ZOOLOGÍA |
| 650 ## - Materia general |
| Temática (materia general) |
AVES |
| 650 ## - Materia general |
| Temática (materia general) |
MAMÍFEROS |
| 650 ## - Materia general |
| Temática (materia general) |
SISTEMA NERVIOSO |
| 650 ## - Materia general |
| Temática (materia general) |
REPRODUCCIÓN |
| 650 ## - Materia general |
| Temática (materia general) |
ANATOMÍA |
| 650 ## - Materia general |
| Temática (materia general) |
FISIOLOGÍA |
| 650 ## - Materia general |
| Temática (materia general) |
APARATO LOCOMOTOR |
| 650 ## - Materia general |
| Temática (materia general) |
APARATO CIRCULATORIO |
| 650 ## - Materia general |
| Temática (materia general) |
APARATO RESPIRATORIO |
| 650 ## - Materia general |
| Temática (materia general) |
APARATO DIGESTIVO |
| 650 ## - Materia general |
| Temática (materia general) |
APARATO URINARIO |
| 650 ## - Materia general |
| Temática (materia general) |
APARATO REPRODUCTOR |
| 650 ## - Materia general |
| Temática (materia general) |
SISTEMA NERVIOSO |
| 650 ## - Materia general |
| Temática (materia general) |
SENTIDOS |
| 650 ## - Materia general |
| Temática (materia general) |
SISTEMA ENDOCRINO |
| 650 ## - Materia general |
| Temática (materia general) |
ASTRONOMÍA |
| 650 ## - Materia general |
| Temática (materia general) |
SISTEMA SOLAR |
| 650 ## - Materia general |
| Temática (materia general) |
GEOLOGÍA |
| 650 ## - Materia general |
| Temática (materia general) |
GEOTERMIA |
| 650 ## - Materia general |
| Temática (materia general) |
SISMOLOGÍA |
| 650 ## - Materia general |
| Temática (materia general) |
VULCANOLOGÍA |
| 650 ## - Materia general |
| Temática (materia general) |
TECTÓNICA DE PLACAS |
| 650 ## - Materia general |
| Temática (materia general) |
MINERALES |
| 942 ## - Punto de acceso adicional KOHA |
| Tipo de ítem KOHA |
Libro |
| Fuente del sistema de clasificación o colocación |
Dewey Decimal Classification |